Géographie - Une ville dans un pays. - Statistiques

Statistiques générales
  • Ce quiz a été pris 234 fois
  • Le résultat moyen est 18 sur 25
Statistiques - réponses
Hint Réponse % Correct
New Delhi Inde
95%
Limoges France
93%
Belgrade Serbie
93%
Hambourg Allemagne
92%
Bilbao Espagne
88%
Ljubjana Slovénie
85%
Tripoli Libye
81%
Djeddah Arabie Saoudite
80%
Brisbane Australie
80%
Bari Italie
71%
Karachi Pakistan
71%
Fort Worth Etats-Unis
70%
Gdansk Pologne
66%
Odessa Ukraine
66%
Cork Irlande
63%
Ngozi Burundi
62%
Merida Mexique
62%
Bergen Norvège
61%
Winnipeg Canada
60%
Bandung Indonésie
60%
Bath Royaume-Uni
60%
Nankin Chine
59%
Montego Bay Jamaïque
57%
Mourmansk Russie
51%
Tampere Finlande
40%
Aucun quiz correspondant
Distribution des résultats
% des personnes avec chaque résultat
Percentile par nombre de réponses
Votre historique - résultats
Vous n’avez pas pris ce quiz